Statistiques concernant Codes nationaux des aéroports - OACI (Europe) - Trouve le pays

Cliquez ici pour prendre le quiz!

Statistiques générales

  • Ce quiz a été pris 15 fois
  • Le résultat moyen est 24 sur 53

Statistiques - réponses

PréfixePays% Correct
LFFrance
83%
ED
(civil)
Allemagne
58%
EIIrlande
58%
LIItalie
58%
LP
(et territoires
insulaires européens)
Portugal
58%
UKUkraine
58%
UBAzerbaïdjan
50%
EBBelgique
50%
LEEspagne
50%
EEEstonie
50%
EFFinlande
50%
UGGéorgie
50%
LGGrèce
50%
LHHongrie
50%
ENNorvège
50%
EHPays-Bas
50%
EPPologne
50%
LRRoumanie
50%
EGRoyaume-Uni
50%
UE
UH
UI
UL
UM
UN
UO
UR
US
UU
UW
Russie
50%
LJSlovénie
50%
ESSuède
50%
LSSuisse
50%
LKTchéquie
50%
LTTurquie
50%
LAAlbanie
42%
ET
(militaire)
Allemagne
42%
LOAutriche
42%
UM
(utilise également
le code)
Biélorussie
42%
LQBosnie-Herzégovine
42%
LBBulgarie
42%
LDCroatie
42%
EKDanemark
42%
LX
(non indépendant)
Gibraltar
42%
BG
(non indépendant,
pas en Europe,
mais proche
[apparenté])
Groenland
42%
GC
(non indépendant,
pas en Europe,
mais proche
[apparenté])
Îles Canaries
42%
BIIslande
42%
EVLettonie
42%
EYLituanie
42%
ELLuxembourg
42%
LMMalte
42%
LN
(héliport)
Monaco
42%
LF
(pas en Europe,
non indépendant,
utilise également
le code)
Saint-Pierre-et-Miquelon
42%
UD
(géographiquement
pas en Europe)
Arménie
33%
LCChypre
33%
LL
(utilise un code
européen,
pas en Europe,
mais proche)
Israël
33%
UA
(un autre pays
extra-européen
utilise également
ce code)
Kazakhstan
33%
LWMacédoine du Nord
33%
LUMoldavie
33%
LY
(utilise également
le code)
Monténégro
33%
LYSerbie
33%
LV
(utilise un code
européen,
non indépendant,
non reconnu à l'ONU,
pas en Europe,
mais proche)
Palestine
25%
LZSlovaquie
25%

Distribution des résultats

Percentile par nombre de réponses

% des personnes avec chaque résultat

Votre développement - résultats

Vous n’avez pas pris ce quiz